000 00292nam a2200121Ia 4500
008 150731s2000 xx 000 0 und d
082 _a615.535
_bP 00 B
100 _aBHARTIYA YOGA PUB
245 _aPRANAYAM VIGYAN
260 _bBHARTIYA YOGA PUB.
_c2000
300 _a120
942 _2ddc
_cBK
_01
999 _c7984
_d7984